D.C. or Marvel... or Neither? - Statistics

General Stats
  • This quiz has been taken 522 times
  • The average score is 43 of 50
Answer Stats
Hint Answer % Correct
Iron Man Marvel
94%
Spider-Man Marvel
94%
Hulk Marvel
94%
Black Panther Marvel
94%
Thanos Marvel
94%
Captain America Marvel
93%
Loki Marvel
92%
Scarlet Witch Marvel
92%
Batman D.C.
91%
Superman D.C.
91%
The Joker D.C.
91%
Harley Quinn D.C.
91%
Hawkeye Marvel
91%
Black Widow Marvel
91%
Star-Lord Marvel
91%
Groot Marvel
91%
Aquaman D.C.
90%
Shang-Chi Marvel
90%
Catwoman D.C.
89%
Falcon Marvel
89%
Vision Marvel
89%
Honkytonk Hoodlum Neither
89%
Salad Fingers Neither
89%
The Flash D.C.
88%
Drax Marvel
88%
Soaps McGrody Neither
88%
Scrappy Doo Neither
88%
Wonder Woman D.C.
87%
Lex Luthor D.C.
87%
Grabby Hands Neither
87%
Lois Lane D.C.
86%
War Machine Marvel
86%
Beef Hardstrong Neither
86%
Moon Knight Marvel
85%
Jeb Bush Neither
85%
Crank Tugmaster Neither
85%
Jareau Jam Neither
85%
Cyborg D.C.
84%
Mister Picklez Neither
84%
The Cuttlefish Neither
83%
Duff Man Neither
82%
Black Adam D.C.
81%
Walt Whitman Neither
81%
Tumnus Neither
81%
Robo-Lincoln Neither
81%
Princess Octothorpe Neither
80%
Bucket Man Neither
77%
Happy Hogan Marvel
68%
King Shark D.C.
66%
Captain Boomerang D.C.
59%
No matching quizzes found
Score Distribution
Percent of People with Each Score
Percentile by Number Answered
Your Score History
You have not taken this quiz